000 01790nam a2200385 a 4500
001 ebr10387033
003 CaPaEBR
006 m u
007 cr cn|||||||||
008 090528s2009 nyu sb 001 0 eng
010 _z 2009021579
020 _z9780231145626 (cloth : alk. paper)
020 _z0231145624 (cloth : alk. paper)
020 _z9780231519502 (e-book)
020 _z0231519508 (e-book)
040 _aCaPaEBR
_cCaPaEBR
035 _a(OCoLC)647929703
043 _ad------
050 1 4 _aHC60
_b.H8195 2009eb
082 0 4 _a338.9109172/4
_222
100 1 _aHubbard, R. Glenn.
245 1 4 _aThe aid trap
_h[electronic resource] :
_bhard truths about ending poverty /
_cR. Glenn Hubbard, William Duggan.
260 _aNew York :
_bColumbia Business School Pub.,
_cc2009.
300 _axii, 198 p.
504 _aIncludes bibliographical references (p. [179]-187) and index.
505 0 _aIntroduction: the charity trap -- Business first: the roots of prosperity in the modern world -- Business last: the roots of failure in poverty aid -- Strong medicine: the Marshall plan as a business model -- Chase the devil: details for a Marshall model -- Conclusion: make it your business.
533 _aElectronic reproduction.
_bPalo Alto, Calif. :
_cebrary,
_d2013.
_nAvailable via World Wide Web.
_nAccess may be limited to ebrary affiliated libraries.
650 0 _aEconomic assistance
_zDeveloping countries.
650 0 _aPoverty
_zDeveloping countries.
650 0 _aEconomic development
_zDeveloping countries.
655 7 _aElectronic books.
_2local
700 1 _aDuggan, William R.
710 2 _aebrary, Inc.
856 4 0 _uhttp://site.ebrary.com/lib/rucke/Doc?id=10387033
_zAn electronic book accessible through the World Wide Web; click to view
999 _c205462
_d205462